| 000 | 00754nam a22002177i 4500 | ||
|---|---|---|---|
| 999 |
_c23372 _d23372 |
||
| 003 | AR-CdUCM | ||
| 008 | 250829b20192019 pe||||| |||| 00| 0 spa d | ||
| 020 | _a978-612-4392-16-0 | ||
| 040 |
_aMUNICIPALIDAD PROVINCIAL DEL CUSCO _cBIBLIOTECA MUNICIPAL DEL CUSCO |
||
| 041 | _hspa | ||
| 082 |
_a869.57 / S174K _bS174K |
||
| 100 |
_aSalas Ttito, Efraín _951426 |
||
| 245 | _aKusi Yupanqui / | ||
| 260 |
_aCusco : _bUniversidad Andina del Cusco _c2019 |
||
| 300 |
_a53 páginas. : _bIlustraciones _c19x20 cm. |
||
| 505 | _aPrepararse para lo imposible -- Decisiones fatales -- La batalla -- El inicio de un imperio | ||
| 650 |
_aPrepararse para lo imposible _951427 |
||
| 856 | _fwww.uandina.edu.pe | ||
| 942 |
_2ddc _cLIBROS |
||
| 945 |
_apbjr _d29-08-2025 |
||